Sự hình thành tư tưởng Hồ Chí Minh về cách mạng giải phóng dân tộc 1911 - 1945

Gồm 3 chương: Những nhân tố ảnh hưởng đến sự hình thành tư tưởng Hồ Chí Minh về cách mạng giải phóng dân tộc; sự hình thành tư tưởng Hồ Chí Minh về cách mạng giải phóng dân tộc; giá trị lý luận và thực tiễn của tư tưởng Hồ CHí...

全面介绍

Đã lưu trong:
书目详细资料
主要作者: Nguyễn, Đình Thuận
格式: 图书
语言:Undetermined
出版: H. Chính trị Quốc gia Hà Nội 2002
主题:
在线阅读:http://lrc.tdmu.edu.vn/opac/search/detail.asp?aID=2&ID=35367
标签: 添加标签
没有标签, 成为第一个标记此记录!
Thư viện lưu trữ: Trung tâm Học liệu Trường Đại học Thủ Dầu Một
LEADER 01234nam a2200217Ia 4500
001 TDMU_35367
008 210410s9999 xx 000 0 und d
082 |a 335.4346092 
090 |b NG527 
100 |a Nguyễn, Đình Thuận 
245 0 |a Sự hình thành tư tưởng Hồ Chí Minh về cách mạng giải phóng dân tộc 
245 0 |b 1911 - 1945 
245 0 |c Nguyễn Đình Thuận 
260 |a H. 
260 |b Chính trị Quốc gia Hà Nội 
260 |c 2002 
300 |a 167 tr 
520 |a Gồm 3 chương: Những nhân tố ảnh hưởng đến sự hình thành tư tưởng Hồ Chí Minh về cách mạng giải phóng dân tộc; sự hình thành tư tưởng Hồ Chí Minh về cách mạng giải phóng dân tộc; giá trị lý luận và thực tiễn của tư tưởng Hồ CHí Minh về cách mạng giải phóng dân tộc 
650 |a Tư tưởng Hồ Chí Minh  |x Cách mạng giải phóng dân tộc  |y 1911 - 1945 
856 |u http://lrc.tdmu.edu.vn/opac/search/detail.asp?aID=2&ID=35367 
980 |a Trung tâm Học liệu Trường Đại học Thủ Dầu Một